000
00312nam a22001457a 4500
008
210301b ||||| |||| 00| 0 eng d
020
_a
9781121526488
041
_a
eng
080
_2
3rd
_a
004
082
_a
004
100
_a
28
101
_a
SHKI
245
_a
System Software Support
_c
GTC
942
_2
udc
_c
BK
999
_c
55409
_d
55409